000 00660nam a2200229Ia 4500
003 OSt
005 20221007072024.0
006 a|||||r|||| 00| 0
007 ta
008 221006b |||||||| |||| 00| 0 eng d
024 _a20,525
037 _cTextual
040 _aFLL
_cFLL
_beng
041 _2eng
_aeng
082 _aZ1-3:156, J7
100 _aParry Clive Au.
_9689899
245 0 _aNationality and citizenship laws of the common wealth and of the republic
260 _aLondon
_bOxford University Press England
_c1957
300 _a1021p
_ccm.
942 _hZ1-3:156, J7
_cTEXL
_2CC
999 _c1144989
_d1144989